00531nam a2200193 a 4500001001300000003000900013005001700022008004100039020002300080082001700103100002800120245004300148260004400191300000900235500003500244505001000279650002000289700002800309nice12345678IN_TiNIC20260116013621.0050524s1984 lona grp 000 0 eng  a0194734 c10000a954.542bOLD aOldenburg, Veena Talwar aMaking of Colonial Lucknowb 1856-1877 aLondan bOxford University Press c1984 a287p aincludes index and biblioraphy2 aIndex aLucknow-History1 aOldenburg, Veena Talwar